Joueurs du mois de Ligue 1 (2024-2025) - Statistiques

Statistiques générales
  • Ce quiz a été pris 75 fois
  • Le résultat moyen est 7 sur 8
Statistiques - réponses
Club Nationalité Joueur Mois % Correct
PSG Français Ousmane Dembélé Janvier
99%
PSG Français Désiré Doué Mars
97%
PSG Français Bradley Barcola Septembre
93%
LOSC Canadien Jonathan David Novembre
93%
Olympique de Marseille Anglais Mason Greenwood Décembre
93%
Olympique de Marseille Anglais Mason Greenwood Avril
93%
Olympique de Marseille Algérien Amine Gouiri Février
83%
AS Saint-Etienne Géorgien Zuriko Davitashvili Octobre
57%
Aucun quiz correspondant
Distribution des résultats
% des personnes avec chaque résultat
Percentile par nombre de réponses
Votre historique - résultats
Vous n’avez pas pris ce quiz